000 01154cam a2200325 a 4500
001 16238299
003 ARRUPE
005 20150217120604.0
008 100517s2009 rh b 000 0 eng c
010 _a 2010323453
020 _a9781779200396
020 _a1779200390
035 _a(OCoLC)ocn502437320
040 _aSTF
_cSTF
_dDLC
042 _apcc
043 _af-rh---
050 0 0 _aDT2913.15
_b.M38 2009
100 1 _aMathema, Cain,
_d1947-
_915166
245 1 0 _aZimbabwean emigrants :
_bthe truth and deliberate misinformation /
_cN.C.G. Mathema.
260 _aHarare, Zimbabwe :
_bUniversity of Zimbabwe Publications,
_c2009.
300 _a129 p. ;
_c21 cm.
504 _aIncludes bibliographical references (p. 112-118).
650 0 _aZimbabweans
_zForeign countries.
_915167
651 0 _aZimbabwe
_xEmigration and immigration
_xEconomic aspects.
_915168
651 0 _aZimbabwe
_xEconomic conditions
_y1980-
_915169
651 0 _aZimbabwe
_xPolitics and government
_y1980-
_915170
906 _a7
_bcbc
_cpccadap
_d3
_encip
_f20
_gy-gencatlg
942 _2lcc
_cMONOGRAPH
999 _c122059
_d122059